Sports Quiz

Random Sports or NHL Quiz

NHL Player Countries Quiz Stats

 Plays Quiz not verified by Sporcle

Challenge
Share
Tweet
Embed
Score 0/13 Timer 04:00
0 Plays Today
Player % Correct
Marco SturmGermany
90.6%
Cristobal HuetFrance
80.7%
Mark StreitSwitzerland
74%
Thomas VanekAustria
73.5%
Anze KopitarSlovenia
65%
Richard ParkSouth Korea
65%
Olaf KolzigSouth Africa
60.1%
Steve ThomasEngland
56.5%
Evgeni NabokovKazakhstan
54.7%
Dainius ZubrusLithuania
48.9%
Robyn RegehrBrazil
47.5%
Owen NolanNorthern Ireland
41.7%
Craig AdamsBrunei
11.7%

You're not logged in!

Compare scores with friends on all Sporcle quizzes.
OR
Log In

You Might Also Like...

Show Comments

Extras

Top Quizzes Today


Score Distribution

Your Account Isn't Verified!

In order to create a playlist on Sporcle, you need to verify the email address you used during registration. Go to your Sporcle Settings to finish the process.

Report this User

Report this user for behavior that violates our Community Guidelines.

Details: